00916nam a2200241 a 450000500170000000800410001702000180005804100080007610000210008424500550010525001010016026000400026130000720030150001000037365300230047365300200049665300110051665300240052765300240055165300300057565300340060565300350063920240412121725.0100827t1986||||sp o f |||| 001 0 spa d a84-7605-250-2 aspa1 aMcMinn, R. M. H. aGran atlas de anatomía humana /cR. M. H. McMinn a1a ed. en español de la obra original en inglés /bTraducción y adaptación Ivonne Lastra aBarcelona: bInteramericana;c1986. a532 p.b1211 imágenes, 1117 en color y 94 radiografías, TC y RM aMcMinn, R. M. H. (1986). Gran atlas de anatomía humana. (1a ed.). Barcelona : Interamericana. aAnatomía general aCabeza y cuello aTronco aOrganos torácicos aOrganos abdominales aOrganos retroperitoneales aMiembro [extremidad] superior aMiembro [extremidad] inferior